书目信息 |
| 题名: |
跟高层领导学读书
|
|
| 作者: | 徐文钦 编著 | |
| 分册: | ||
| 出版信息: | 北京 中央文献出版社 2010.10 |
|
| 页数: | 236页 | |
| 开本: | 25cm | |
| 丛书名: | ||
| 单 册: | ||
| 中图分类: | G792-49 | |
| 科图分类: | ||
| 主题词: | 读书方法--通俗读物 , 读书方法 | |
| 电子资源: | ||
| ISBN: | 978-7-5073-3111-0 | |
| 000 | 00770nam0 2200229 450 | |
| 001 | 2361663824 | |
| 005 | 20231216170859.43 | |
| 010 | @a978-7-5073-3111-0@dCNY 38.00 | |
| 100 | @a20110427d2010 em y0chiy0110 ea | |
| 101 | 0 | @achi |
| 102 | @aCN@b110000 | |
| 105 | @aa z 000yy | |
| 200 | 1 | @a跟高层领导学读书@Agen gao ceng ling dao xue du shu@f徐文钦编著 |
| 210 | @a北京@c中央文献出版社@d2010.10 | |
| 215 | @a236页@c照片@d25cm | |
| 330 | @a本书较为全面地研究和介绍了毛泽东、周恩来、刘少奇、任弼时、邓小平、陈云、陈独秀、叶剑英、陈毅、罗荣桓等高层领导人读书生活和读书方法。 | |
| 606 | 0 | @a读书方法@j通俗读物 |
| 606 | 0 | @a读书方法 |
| 690 | @aG792-49@v5 | |
| 701 | 0 | @a徐文钦@Axu wen qin@f(1974~)@4编著 |
| 801 | 2 | @aCN@b辽宁北配@c20231205 |
| 905 | @aBZT@dG792-49@e2 | |
| 跟高层领导学读书/徐文钦编著.-北京:中央文献出版社,2010.10 |
| 236页:照片;25cm |
| ISBN 978-7-5073-3111-0:CNY 38.00 |
| 本书较为全面地研究和介绍了毛泽东、周恩来、刘少奇、任弼时、邓小平、陈云、陈独秀、叶剑英、陈毅、罗荣桓等高层领导人读书生活和读书方法。 |
| ● |
| 相关链接 |
|
|
|
正题名:跟高层领导学读书
索取号:G792-49/2
 
预约/预借
| 序号 | 登录号 | 条形码 | 馆藏地/架位号 | 状态 | 备注 |
| 1 | 2001622919 | 2001622919 | 辽三/辽宁北配(第三批)/2598/ [索取号:G792-49/2] | 在馆 | |
| 2 | 2001622920 | 2001622920 | 辽三/辽宁北配(第三批)/2598/ [索取号:G792-49/2] | 在馆 | |
| 3 | 2001622921 | 2001622921 | 辽三/辽宁北配(第三批)/2598/ [索取号:G792-49/2] | 在馆 | |
| 4 | 2001622922 | 2001622922 | 辽三/辽宁北配(第三批)/2598/ [索取号:G792-49/2] | 在馆 | |
| 5 | 2001622923 | 2001622923 | 辽三/辽宁北配(第三批)/2598/ [索取号:G792-49/2] | 在馆 | |
| 6 | 2001622924 | 2001622924 | 辽三/辽宁北配(第三批)/2598/ [索取号:G792-49/2] | 在馆 | |
| 7 | 2001622925 | 2001622925 | 辽三/辽宁北配(第三批)/2598/ [索取号:G792-49/2] | 在馆 | |
| 8 | 2001622926 | 2001622926 | 辽三/辽宁北配(第三批)/2598/ [索取号:G792-49/2] | 在馆 | |
| 9 | 2001622927 | 2001622927 | 辽三/辽宁北配(第三批)/2598/ [索取号:G792-49/2] | 在馆 | |
| 10 | 2001622928 | 2001622928 | 辽三/辽宁北配(第三批)/2598/ [索取号:G792-49/2] | 在馆 | |
| 11 | 2001622929 | 2001622929 | 辽三/辽宁北配(第三批)/2598/ [索取号:G792-49/2] | 在馆 | |
| 12 | 2001622930 | 2001622930 | 辽三/辽宁北配(第三批)/2598/ [索取号:G792-49/2] | 在馆 | |
| 13 | 2001622931 | 2001622931 | 辽三/辽宁北配(第三批)/2598/ [索取号:G792-49/2] | 在馆 | |
| 14 | 2001622932 | 2001622932 | 辽三/辽宁北配(第三批)/2598/ [索取号:G792-49/2] | 在馆 | |
| 15 | 2001622933 | 2001622933 | 辽三/辽宁北配(第三批)/2598/ [索取号:G792-49/2] | 在馆 | |
| 16 | 2001622934 | 2001622934 | 辽三/辽宁北配(第三批)/2598/ [索取号:G792-49/2] | 在馆 | |
| 17 | 2001622935 | 2001622935 | 辽三/辽宁北配(第三批)/2598/ [索取号:G792-49/2] | 在馆 | |
| 18 | 2001622936 | 2001622936 | 辽三/辽宁北配(第三批)/2598/ [索取号:G792-49/2] | 在馆 | |
| 19 | 2001622937 | 2001622937 | 辽三/辽宁北配(第三批)/2598/ [索取号:G792-49/2] | 在馆 | |
| 20 | 2001622938 | 2001622938 | 辽三/辽宁北配(第三批)/2598/ [索取号:G792-49/2] | 在馆 | |
| 21 | 2001622939 | 2001622939 | 辽三/辽宁北配(第三批)/2598/ [索取号:G792-49/2] | 在馆 | |
| 22 | 2001622940 | 2001622940 | 辽三/辽宁北配(第三批)/2598/ [索取号:G792-49/2] | 在馆 | |
| 23 | 2001622941 | 2001622941 | 辽三/辽宁北配(第三批)/2598/ [索取号:G792-49/2] | 在馆 | |
| 24 | 2001622942 | 2001622942 | 辽三/辽宁北配(第三批)/2598/ [索取号:G792-49/2] | 在馆 | |
| 25 | 2001622943 | 2001622943 | 辽三/辽宁北配(第三批)/2598/ [索取号:G792-49/2] | 在馆 | |
| 26 | 2001622944 | 2001622944 | 辽三/辽宁北配(第三批)/2598/ [索取号:G792-49/2] | 在馆 | |
| 27 | 2001622945 | 2001622945 | 辽三/辽宁北配(第三批)/2598/ [索取号:G792-49/2] | 在馆 | |
| 28 | 2001622946 | 2001622946 | 辽三/辽宁北配(第三批)/2598/ [索取号:G792-49/2] | 在馆 | |
| 29 | 2001622947 | 2001622947 | 辽三/辽宁北配(第三批)/2598/ [索取号:G792-49/2] | 在馆 | |
| 30 | 2001622948 | 2001622948 | 辽三/辽宁北配(第三批)/2598/ [索取号:G792-49/2] | 在馆 |